000 00709nam a2200289Ia 4500
005 20260324125339.0
008 008 260324s9999 xx 000 0 eng d
020 _a9781315435770
037 _aEBOOK
040 _aCRL
040 _beng
040 _cCRL
041 _2eng
041 _aeng
084 _qCRL
100 _aPeter J Ucko; Stuart Laidlaw; Rachael Thyrza Sparks
_91177642
245 2 _aA Future for the Past
245 0 _bPetrie's Palestinian Collection
260 _bTaylor and Francis
260 _c2009
365 _a
365 _b300
856 _uhttp://www.taylorfrancis.com/books/9781315435770
942 _cEBOOK
999 _c1772791
_d1772791